[Event "ARU-ch"]
[Site "Oranjestad"]
[Date "2018.04.07"]
[Round "2"]
[White "Croeze, Ethan Samuel"]
[Black "Diaz, Brian"]
[Result "0-1"]
[WhiteElo "1383"]
[BlackElo "1743"]
[PlyCount "116"]
[EventDate "2018.04.06"]
[EventType "tourn"]
[EventRounds "9"]
[EventCountry "ARN"]
[SourceTitle "EXT 2024"]
[Source "ChessBase"]
[SourceDate "2023.10.10"]
[SourceVersion "1"]
[SourceVersionDate "2023.10.10"]
[SourceQuality "1"]

1. e4 c5 2. Nc3 e6 3. f4 Nc6 4. Nf3 Nge7 5. Bb5 a6 6. Bxc6 Nxc6 7. 0-0 d5 8. d3 Be7 9. e5 0-0 10. Qe1 f5 11. Qg3 d4 12. Ne2 b5 13. Ng5 Qd5 14. Qh3 Bxg5 15. fxg5 Nxe5 16. Nf4 Qd6 17. Qg3 Ng6 18. Qf3 Ra7 19. Re1 Re7 20. Nxg6 hxg6 21. Bf4 e5 22. Qe2 Rfe8 23. Bg3 Bb7 24. c3 Qd5 25. Qc2 e4 26. c4 bxc4 27. Qxc4 Qxc4 28. dxc4 Re6 29. Rad1 Rf8 30. Bf4 Rfe8 31. b4 Bc6 32. bxc5 d3 33. Be3 Ba4 34. Rd2 Rb8 35. Bf4 Rd8 36. g3 Kf7 37. Kf2 Rd4 38. Rc1 Rd7 39. Ke3 Rb7 40. Rc3 Rc6 41. Bd6 Ke6 42. Kd4 Rb4 43. a3 Rb7 44. Ke3 Rd7 45. Kf2 Bc2 46. Ke3 Rb7 47. Kf2 a5 48. Ke3 a4 49. Kf2 Rb3 50. Rcxc2 dxc2 51. Rxc2 Rxa3 52. Rb2 Rb3 53. Ra2 a3 54. Ke1 Rd3 55. Ke2 Kd7 56. Ra1 Ke6 57. Rb1 a2 58. Rb7 Rcxd6 0-1

[Event "Aruba op"]
[Site "Aruba"]
[Date "2017.10.05"]
[Round "1"]
[White "Croeze, Ethan Samuel"]
[Black "Roose, Alexander"]
[Result "1/2-1/2"]
[WhiteElo "1353"]
[BlackElo "1935"]
[PlyCount "55"]
[EventDate "2017.10.05"]
[EventType "swiss"]
[EventRounds "7"]
[EventCountry "ARN"]
[SourceTitle "CBM 181 Extra"]
[Source "ChessBase"]
[SourceDate "2017.12.12"]
[SourceVersion "1"]
[SourceVersionDate "2017.12.12"]
[SourceQuality "1"]

1. e4 c5 2. Nc3 Nc6 3. f4 d6 4. Nf3 g6 5. Bb5 a6 6. Bxc6+ bxc6 7. 0-0 Bg7 8. d3 h5 9. Be3 Nh6 10. h3 0-0 11. Qd2 Kh7 12. Ng5+ Kg8 13. f5 gxf5 14. Ne6 Bxe6 15. Bxh6 f6 16. exf5 Bf7 17. Rf3 Kh7 18. Bxg7 Kxg7 19. Qf4 Kh7 20. Kf2 Rb8 21. b3 Rb4 22. Qe3 Rg8 23. a3 Rb7 24. g4 Rg7 25. Qf4 Qa5 26. Ne2 h4 27. Kg1 Rb8 28. Rf2 1/2-1/2